Wet peroxide oxidation of phenol over Cu-ZSM-5 catalyst in a flow reactor. Kinetics and diffusion study; Chemical Engineering Journal; Vol. 277

Bibliographic Details
Parent link:Chemical Engineering Journal
Vol. 277.— 2015.— [8 р.]
Corporate Author: Национальный исследовательский Томский политехнический университет (ТПУ) Институт природных ресурсов (ИПР) Кафедра химической технологии топлива и химической кибернетики (ХТТ)
Other Authors: Taran O. P. Oksana Pavlovna, Zagoruiko A. N. Andrey Nikolaevich, Ayusheev A. B., Yashnik S. A., Prikhodko R. V., Ismagilov Z. R., Parmon V. N.
Summary:Title screen
The wet peroxide oxidation of phenol over the extruded 1.5%Cu/(80%H-ZSM-5 + 20%Al2O3) catalysts ofthe different geometric forms and sizes (cylinders with diameters 1, 2, 3 mm, trefoils, spheres and monolithswith size of channels 1.0 1.0, 1.5 1.5 mm) was studied in a flow reactor. The geometric form andsize of the catalyst granules exert a pronounced effect on the apparent kinetics of the process. The highestefficiency toward phenol destruction was observed for the catalysts with a greater geometric surface area(trefoils and monolith with high channel density). The conversions of phenol and TOC at flow rate5 mL min1 equal to 100 and 90% were achieved over these catalysts. Application of the spherical shapecatalyst with lowest geometric surface gave only 80% conversion of phenol at the same reaction conditions.The proposed mathematical model of the process, accounting for internal and external diffusionlimitations on the base of the pseudo-first order simplification of the apparent kinetic rates, provide reasonablyaccurate description of the experimental data and reproducing all important process regularities.
Режим доступа: по договору с организацией-держателем ресурса
Language:English
Published: 2015
Subjects:
Online Access:http://dx.doi.org/10.1016/j.cej.2015.02.064
Format: MixedMaterials Electronic Book Chapter
KOHA link:https://koha.lib.tpu.ru/cgi-bin/koha/opac-detail.pl?biblionumber=643057

MARC

LEADER 00000nla0a2200000 4500
001 643057
005 20250212153725.0
035 |a (RuTPU)RU\TPU\network\8045 
035 |a RU\TPU\network\7990 
090 |a 643057 
100 |a 20150827d2015 k||y0rusy50 ba 
101 0 |a eng 
102 |a NL 
135 |a drcn ---uucaa 
181 0 |a i  
182 0 |a b 
200 1 |a Wet peroxide oxidation of phenol over Cu-ZSM-5 catalyst in a flow reactor. Kinetics and diffusion study  |f O. P. Taran [et al.] 
203 |a Text  |c electronic 
300 |a Title screen 
320 |a [References: 33 tit.] 
330 |a The wet peroxide oxidation of phenol over the extruded 1.5%Cu/(80%H-ZSM-5 + 20%Al2O3) catalysts ofthe different geometric forms and sizes (cylinders with diameters 1, 2, 3 mm, trefoils, spheres and monolithswith size of channels 1.0 1.0, 1.5 1.5 mm) was studied in a flow reactor. The geometric form andsize of the catalyst granules exert a pronounced effect on the apparent kinetics of the process. The highestefficiency toward phenol destruction was observed for the catalysts with a greater geometric surface area(trefoils and monolith with high channel density). The conversions of phenol and TOC at flow rate5 mL min1 equal to 100 and 90% were achieved over these catalysts. Application of the spherical shapecatalyst with lowest geometric surface gave only 80% conversion of phenol at the same reaction conditions.The proposed mathematical model of the process, accounting for internal and external diffusionlimitations on the base of the pseudo-first order simplification of the apparent kinetic rates, provide reasonablyaccurate description of the experimental data and reproducing all important process regularities. 
333 |a Режим доступа: по договору с организацией-держателем ресурса 
461 |t Chemical Engineering Journal 
463 |t Vol. 277  |v [8 р.]  |d 2015 
610 1 |a электронный ресурс 
610 1 |a труды учёных ТПУ 
701 1 |a Taran  |b O. P.  |g Oksana Pavlovna 
701 1 |a Zagoruiko  |b A. N.  |c Chemical Engineer  |c Professor of Tomsk Polytechnic University, Doctor of technical sciences  |f 1962-  |g Andrey Nikolaevich  |3 (RuTPU)RU\TPU\pers\33191 
701 1 |a Ayusheev  |b A. B. 
701 1 |a Yashnik  |b S. A. 
701 1 |a Prikhodko  |b R. V. 
701 1 |a Ismagilov  |b Z. R. 
701 1 |a Parmon  |b V. N. 
712 0 2 |a Национальный исследовательский Томский политехнический университет (ТПУ)  |b Институт природных ресурсов (ИПР)  |b Кафедра химической технологии топлива и химической кибернетики (ХТТ)  |3 (RuTPU)RU\TPU\col\18665 
801 2 |a RU  |b 63413507  |c 20170609  |g RCR 
856 4 |u http://dx.doi.org/10.1016/j.cej.2015.02.064 
942 |c CF